00466nam a2200181Ia 450000500170000000800410001702000180005804100080007608200150008410000130009924500340011226000400014630000090018650000190019550000290021465000280024370000130027120251118113404.0230125s9999 xx 000 0 und d a81-7544-026-0 aeng a158.1bRAJ aRaju M S aJob hunting-What a how of it? c1997bWheeler PublishingaNew Delhi a141p aHR,Job hunting aPersonality Development, aPersonality Development aRaju M S